| 000 | 01940nam a2200517 i 4500 | ||
|---|---|---|---|
| 001 | 6799 | ||
| 003 | KOSZ 005 | ||
| 005 | 20210204135804.0 | ||
| 008 | 980713s1995 pl a f |000 0 pol | ||
| 015 | _aPB 1997/7548 | ||
| 020 | _a8386123141 | ||
| 040 |
_aWA N _cWA N _dKOSZ 005/HR |
||
| 041 | 0 |
_apol _beng |
|
| 046 | _k1995 | ||
| 080 | _a667.2/.5 | ||
| 080 | _a628.3 | ||
| 080 | _a543.6 | ||
| 100 | 1 |
_aAnielak, Anna Maria _d(1952- ) _eAutor |
|
| 245 | 1 | 0 |
_aOdbarwianie ścieków pofarbiarskich w procesie współstrącania i sorpcji / _cAnna Maria Anielak. |
| 260 |
_aKoszalin : _bWydaw. Uczelniane WSI, _c1995. |
||
| 300 |
_a123 s. : _b1 fot., rys., wykr. ; _c24 cm. |
||
| 336 |
_2rdacontent _aTekst _btxt |
||
| 337 |
_2rdamedia _aBez urządzenia pośedniczącego _bn |
||
| 338 |
_2rdacarrier _aWolumin _bnc |
||
| 380 | _aKsiążki | ||
| 380 | _aPublikacje naukowe | ||
| 388 | _a1901-2000 | ||
| 388 | _a1989-2000 | ||
| 490 | 1 |
_a[Monografie] / Wyższa Szkoła Inżynierska w Koszalinie, _x0239-7129 ; _vnr 50. |
|
| 500 | _aNa s. red. : Monografia Wydziału Budownictwa i Inżynierii Środowiska. | ||
| 504 | _aBibliogr. s. 115-121. | ||
| 546 | _aStreszcz. ang. | ||
| 650 | 4 | _aBarwniki | |
| 650 | 4 | _aAnaliza chemiczna | |
| 650 | 4 | _aŚcieki przemysłowe | |
| 650 | 4 | _aOczyszczanie ścieków | |
| 650 | 4 | _aWłókiennictwo | |
| 650 | 4 | _aWpływ na środowisko | |
| 658 | _aInżynieria i technika | ||
| 658 | _aOchrona środowiska | ||
| 710 | 2 |
_aWydawnictwo Uczelniane (Wyższa Szkoła Inżynierska ; Koszalin) _4pbl. |
|
| 830 | 0 |
_aMonografie - Wyższa Szkoła Inżynierska, Koszalin _vnr 50 |
|
| 856 |
_uhttp://dlibra.tu.koszalin.pl/dlibra/docmetadata?id=71&from=&dirids=1&ver_id=&lp=1&QI= _yBiblioteka Cyfrowa |
||
| 856 |
_uhttp://koha.tu.koszalin.pl/cgi-bin/koha/opac-detail.pl?biblionumber=6799 _yKatalog online BPK |
||
| 942 |
_2UKD _cKS |
||
| 999 |
_c6799 _d6799 |
||